=LDR 00000nam 2200000 4500 =001 000214 =005 20250710112301 =035 ##$$a 0010-0725000019 =007 ta =008 250710################a##########0#ind## =020 ##$$a 978-623-307-186-4 =082 ##$$a 398.209 598 =084 ##$$a 398.209 598 SAB b =100 #$$a Sabir =245 1#$$a Bermain Teka - Teki /$c Sabir =250 ##$$a Edisi Kedua =260 ##$$a Jakarta Timur :$b Badan Pengembangan dan Pembinaan Bahasa,$c 2022 =300 ##$$a 24 hlm. : $b ilus. ; $c 29.7cm$e 398.209 598 =650 #4$$a Cerita Anak - indonesia =650 #4$$a Literasi - Bahan Bacaan =856 ##$$a TBM As Suhada